000
00277nam a2200097Ia 4500
001
794149
005
20250826170703.0
008
250824s9999 xx 000 0 und d
245
0
_a
ARAPÇA ŞARF NAHİV TERİMLERİ SÖZLÜĞÜ
_c
TACETTİN UZUN
260
_b
KİTAP DÜNYASI YAYINLARI
999
_c
794149
_d
794149